| 000 | 00806nam a2200217 i 4500 | ||
|---|---|---|---|
| 001 | 180615 | ||
| 003 | ES-MaACL | ||
| 005 | 20250903021835.0 | ||
| 008 | 120619s1976 sp |||| | spa d | ||
| 080 | _a517.51/.52(043.2) | ||
| 100 | 1 |
_aBobillo Guerrero, Pablo. _9150626 |
|
| 245 | 1 | 0 |
_aSobre el producto de sucesiones y series / _c[por] Pablo Bobillo Guerrero. |
| 260 |
_aBarcelona : _bUniversidad. Secretariado de Publicaciones, Intercambio Científico y Extensión Universitaria, _c1976. |
||
| 300 |
_a16 p. ; _c24 cm. |
||
| 502 | _aTesis Univ. Barcelona (Extracto) | ||
| 650 | 7 |
_aSeries (Matemáticas) _2embne _9150627 |
|
| 650 | 0 | 7 |
_aSucesiones (Matemáticas) _2embne _917246 |
| 710 | 2 |
_aUniversidad de Barcelona. _97141 |
|
| 852 |
_aES-MaACL _jE-15362(154) |
||
| 999 |
_c180615 _d180615 |
||